Normal view
MARC view
- Architecture --Europe --History
Entry Topical Term
001 - CONTROL NUMBER
- control field: 107281
003 - CONTROL NUMBER IDENTIFIER
- control field: NUST
005 - DATE AND TIME OF LATEST TRANSACTION
- control field: 20230120172225.0
008 - FIXED-LENGTH DATA ELEMENTS
- fixed length control field: 230120|| aca||aabn | a|a d
040 ## - CATALOGING SOURCE
- Original cataloging agency: NUST
- Transcribing agency: NUST
150 ## - HEADING--TOPICAL TERM
- Topical term or geographic name entry element: Architecture --Europe --History
670 ## - SOURCE DATA FOUND
- Source citation: Work cat.: (NUST)190865: Pevsner, Nikolaus, 32021, An outline of European architecture /, C. Scribner’s Sons
